Capitali più Popolose A-Z - Statistics

Statistiche generali
  • Questo quiz è stato fatto 85 volte
  • Il punteggio medio è 10 su 24
Statistiche sulle risposte
LetterA Popolazione Capitale % Corretto
P 24 516 000 Pechino
83%
W 709 265 Washington
72%
T 13 951 636 Tokyo
67%
M 12 692 466 Mosca
63%
C 9 209 944 Città del Messico
55%
A 5 639 076 Ankara
53%
B 8 305 218 Bangkok
50%
H 8 053 663 Hanoi
50%
Z 810 003 Zagabria
48%
Q 1 978 376 Quito
44%
G 10 770 487 Giacarta
42%
D 13 848 298 Dacca
41%
S 10 349 312 Seul
39%
K 17 855 000 Kinshasa
33%
U 1 390 000 Ulan Bator
33%
N 4 574 098 Nairobi
30%
I 14 500 000 Il Cairo
27%
L 9 822 514 Lima
27%
Y 1 881 876 Yaoundé
22%
E 1 093 485 Erevan
20%
R 7 676 654 Riad
19%
O 2 200 000 Ouagadougou
16%
V 1 915 338 Vienna
14%
F 1 055 964 Freetown
8%
Nessun quiz corrispondente trovato
Distribuzione punteggi
Percentuale di utenti per punteggio
Percentile per numero di risposta
I tuoi punteggi nel tempo
Non hai fatto questo quiz